Sfarbenie vtákov

Bibliographic Details
Main Author: Podhradský, Vladimír, 1923- (Author)
Format: Article
Language:Slovak
Subjects:

MARC

LEADER 00000nab a2200000 a 4500
001 vtls000209939
003 SK-MaSNL
005 20260302201232.0
008 140328c1985 xo 0 slo
015 |a SNBRB19rr/mm-uuuuu 
035 |a CL0220052 
040 |a SNKBUCL  |b slo  |c SNKBUCL  |e AACR2 
041 0 |a slo 
044 |a xo  |c SK 
080 |a 636.596:591.478:591.176  |2 1981 
080 |a 591.478  |2 1981 
080 |a 591.176  |2 1981 
100 1 |a Podhradský, Vladimír,  |d 1923-  |4 aut  |9 37729 
245 1 0 |a Sfarbenie vtákov  |c V. Podhradský 
300 |b Obr. 1. 
650 0 7 |a holuby  |2 snkbucl  |9 2798 
650 0 7 |a genetika  |2 snkbucl  |9 698 
655 7 |a články z novín a časopisov  |2 snkbucl  |9 267496 
773 0 |t Chovateľ  |g Roč. 21, č. 3 (1985), s. 59 
850 |a Slovenská národná knižnica v Martine  |a MTA001 
852 |a SNK  |b KIS3GCP 
958 |a RK 
992 |a RBX 
999 |c 1460121  |d 1462051